Fr. Conceicao Rodrigues College of Engineering

Principles of Nanoscience and nanotechnology (Record no. 28009)

MARC details
000 -LEADER
fixed length control field 00381nam a2200169Ia 4500
082 ## - DEWEY DECIMAL CLASSIFICATION NUMBER
Classification number 658.577
Item number SHA
100 ## - MAIN ENTRY--PERSONAL NAME
Personal name Shah/M.A/ Ahmad/Tokeer
245 ## - TITLE STATEMENT
Title Principles of Nanoscience and nanotechnology
260 ## - PUBLICATION, DISTRIBUTION, ETC.
Name of publisher, distributor, etc. Narosa
Date of publication, distribution, etc. 2010
366 ## - TRADE AVAILABILITY INFORMATION
Publishers's discount category 20
300 ## - PHYSICAL DESCRIPTION
Extent 199
546 ## - LANGUAGE NOTE
Language note ENGLISH
-- Computers
650 ## - SUBJECT ADDED ENTRY--TOPICAL TERM
Topical term or geographic name entry element Nanoscience
654 ## - SUBJECT ADDED ENTRY--FACETED TOPICAL TERMS
Focus term nanoscience
942 ## - ADDED ENTRY ELEMENTS (KOHA)
Koha item type BOOK
Holdings
Withdrawn status Lost status Damaged status Not for loan Collection Home library Current library Date acquired Source of acquisition Cost, normal purchase price Inventory number Total Checkouts Full call number Barcode Date last seen Cost, replacement price Price effective from Koha item type
        CRC Fr. Agnel's C.Rodrigues College of Engineering Fr. Agnel's C.Rodrigues College of Engineering 17/03/2023 Narosa Book Distributors 168.00 264 dt 22/05/2013   658.577 SHA 22671 17/03/2023 210.00   BOOK